Rugosidad superficial y erosión eólica en suelos de la región semiárida pampeana central Argentina (RSPC).

Guardado en:
Otros Autores: De Oro, Laura Andrea. (Disertante), Buschiazzo, Daniel Eduardo. (Orientador)
Formato: Manuscrito
Idioma:Spanish
Publicado: 2010.
Materias:
Acceso en línea:Texto completo
Etiquetas: Agregar Etiqueta
Sin Etiquetas, Sea el primero en etiquetar este registro!
LEADER 01167ntm a22002655a 4500
001 EEA.libagro009338
005 20150824094825.0
008 100908s2010####ag#######bm###000#0#spa#d
082 0 4 |a 040  |2 15 
100 1 |a De Oro, Laura Andrea.  |4 dis 
245 1 0 |a Rugosidad superficial y erosión eólica en suelos de la región semiárida pampeana central Argentina (RSPC). 
260 |c 2010. 
300 |a xvi, 161 h. :  |b il. (principalmente col.) ;  |c 30 cm. 
500 |a Director de tesis:Daniel Eduardo Buschiazzo. 
500 |a "Tesis de Doctor en Agronomía". 
502 |a Tesis (doctoral)--Universidad Nacional del Sur. Departamento de Agronomía, 2010. 
504 |a Incluye referencias bibliográficas (p. 128-146). 
530 |a Disponible también en formato digital. 
650 7 |a Suelos.  |2 unbist 
650 7 |a Cambios climáticos.  |2 unbist 
650 7 |a Erosión del suelo.  |2 unbist 
700 1 |a Buschiazzo, Daniel Eduardo.  |4 ths 
710 2 |a Universidad Nacional del Sur.  |b Departamento de Agronomía.  |4 dgg. 
856 |u http://repositoriodigital.uns.edu.ar/handle/123456789/2078  |3 Texto completo 
859 |a AR-BbBCA  |b BIB. AGRONOMIA  |h 040  |i B148 2010-1023  |p 121684/010